| 000 | 00755 a2200229 4500 | ||
|---|---|---|---|
| 005 | 20260209123140.0 | ||
| 008 | 260209b |||||||| |||| 00| 0 eng d | ||
| 020 | _a9789772974979 (hbk) | ||
| 037 | _cTB | ||
| 040 |
_aCRL _cCRL |
||
| 041 |
_2ARB _aARB |
||
| 084 |
_aO28,4:g Q2 _bCRL |
||
| 100 |
_aTarabalsi, Ibraheem Ufnadi _9854258 |
||
| 245 | _aKashful muani wa al-bayan an rasail badie azzaman | ||
| 260 |
_aCairo, Egypt: _bDarul fazilat, _c2012. |
||
| 300 | _a545p. | ||
| 365 |
_b1440.00 _cINR |
||
| 650 |
_aArabic Literature _91114579 |
||
| 650 |
_aArabic Letters _91114580 |
||
| 942 |
_cTB _2CC _n0 _hO28,4:g Q2 |
||
| 999 |
_c1465880 _d1465880 |
||